<?xml version="1.0" encoding="UTF-8"?>
<collection xmlns="http://www.loc.gov/MARC21/slim">
 <record>
  <leader>01865nam a22002415a 4500</leader>
  <controlfield tag="001">CEM.cems015932</controlfield>
  <controlfield tag="008">130507s1980##################000#0#####d</controlfield>
  <controlfield tag="005">20210826184316.0</controlfield>
  <controlfield tag="003">CEMS</controlfield>
  <datafield tag="245" ind1="1" ind2="0">
   <subfield code="a">Historia 2 :</subfield>
   <subfield code="b">desde los tiempos modernos hasta  el nacimiento de la nación argentina /</subfield>
   <subfield code="c">José Cosmelli Ibañez</subfield>
  </datafield>
  <datafield tag="250" ind1=" " ind2=" ">
   <subfield code="a">8a. ed.</subfield>
  </datafield>
  <datafield tag="260" ind1=" " ind2=" ">
   <subfield code="a">Buenos Aires :</subfield>
   <subfield code="b">Troquel,</subfield>
   <subfield code="c">1980</subfield>
  </datafield>
  <datafield tag="300" ind1=" " ind2=" ">
   <subfield code="a">609 p.</subfield>
  </datafield>
  <datafield tag="500" ind1=" " ind2=" ">
   <subfield code="a">De acuerdo con los contenidos mínimos aprobados por el Ministerio de Cultura y Educación de la Nación, correspondientes al 2o. año del Ciclo Básico.</subfield>
  </datafield>
  <datafield tag="505" ind1="0" ind2=" ">
   <subfield code="a">El surgimiento del mundo nuevo -- La Edad Moderna -- El Renacimiento -- Los descubrimientos -- Conquista de América -- Predominio español -- Fin de la hegemonía española -- Europa en el siglo XVII -- El Río de la Plata, fundaciones -- Pretensiones extranjeras -- América en el siglo XVIII -- Las nuevas ideas -- Los Borbones en España -- Virreinato del Río de la Plata -- Inglaterra en el siglo XVIII -- Acción revolucionaria en América -- Revolución francesa -- Napoleón Bonaparte -- Invasiones inglesas -- Revolución de Mayo -- La Independencia hispanoaméricana -- La Revolución en Europa -- Primer Triunvirato -- Acontecimientos militares (1812-14) -- La Asamblea del año 13 -- El Congreso de Tucumán -- Constitución de 1819 -- La hazaña libertadora -- Autonomías provinciales y unidad nacional -- El federalismo -- Disolución del régimen nacional -- Dorrego -- La ciudad y la campaña</subfield>
  </datafield>
  <datafield tag="020" ind1=" " ind2=" ">
   <subfield code="a">9501663418</subfield>
  </datafield>
  <datafield tag="100" ind1="1" ind2=" ">
   <subfield code="a">Ibañez, José Cosmelli</subfield>
  </datafield>
  <datafield tag="082" ind1="0" ind2="4">
   <subfield code="a">940.2</subfield>
  </datafield>
  <datafield tag="653" ind1=" " ind2=" ">
   <subfield code="a">Historia</subfield>
  </datafield>
  <datafield tag="653" ind1=" " ind2=" ">
   <subfield code="a">Historia moderna y contemporánea</subfield>
  </datafield>
  <datafield tag="859" ind1=" " ind2=" ">
   <subfield code="a">CEMS</subfield>
   <subfield code="b">BIB. CEMS - Agricultura</subfield>
   <subfield code="h">940.2</subfield>
   <subfield code="i">Ib1-2a8</subfield>
   <subfield code="p">A17394.93</subfield>
   <subfield code="t">Ej.1</subfield>
  </datafield>
  <datafield tag="859" ind1=" " ind2=" ">
   <subfield code="a">CEMS</subfield>
   <subfield code="b">BIB. CEMS - 11 de abril</subfield>
   <subfield code="h">940.2</subfield>
   <subfield code="i">Ib1-2</subfield>
   <subfield code="p">8168.80</subfield>
   <subfield code="t">Ej.1</subfield>
  </datafield>
  <datafield tag="859" ind1=" " ind2=" ">
   <subfield code="a">CEMS</subfield>
   <subfield code="b">BIB. CEMS - 11 de abril</subfield>
   <subfield code="h">940.2</subfield>
   <subfield code="i">Ib1-2</subfield>
   <subfield code="p">10009.81</subfield>
   <subfield code="t">Ej.2</subfield>
  </datafield>
 </record>
</collection>
